Responses for show #4920 - Friday, January 20, 2006

Contestants

[<< previous game]

Marcus Jackson, a software engineer from Washington, D.C.

Lisa Peabody, a coffee shop manager and trainer from Las Vegas, Nevada

Rick Hoffman, a technical instructor from Oswego, New York (whose 1-day cash winnings total $24,000)

[next game >>]

Jeopardy! Round responses

DUKE UNIVERSITY
ELVIS FILM ROLES
FAMOUS WOMEN
SHAKESPEAREAN FIRST NAMES
TRAVELIN'
ON THE "GO"
    $200 26
the Blue Devils

Marcus
    $200 11
Viva Las Vegas

Lisa
    $200 6
Bonnie Parker

Rick
    $200 16
Antonio

Rick
    $200 21
Morocco

Triple Stumper
    $200 1
Goldilocks

Marcus
    $400 27
(Lisa: What is St. Paul's?)
(Marcus: What is Westminster Abbey?)
(Rick: What is Westminster?)
...
(Alex: No harm, no foul on that: you all lost the same.)

Canterbury Cathedral

RickLisaMarcus
Triple Stumper
    $400 12
Jailhouse Rock

Lisa
    $400 7
Toni Morrison

Marcus
    $400 17
Orlando

Marcus
    $400 22
the Maldives

Lisa
    $400 2
the Golden Bear

Rick
    $600 28
(Marcus: What is psychology?)
(Alex: Be a little more specific.)

parapsychology (paranormal psychology accepted)

Marcus
    $800 13
Blue Hawaii

Lisa
    $600 8
Sacagawea

Lisa
    $600 18
Juliet

Lisa
    $600 23
(Alex: Yo, [*]--)
(Marcus: Yo!)
(Alex: You got it.)

the Adriatic

Marcus
    $600 3
a golem

Marcus
    $800 29
(Aldous) Huxley

Lisa
    $800 14
G.I. Blues

Triple Stumper
    $800 9
Sarah Lawrence

Triple Stumper
    $800 19
Duncan

Triple Stumper
    $800 24
Brazil

Rick
    $800 4
a gopher

Triple Stumper
    $1000 30
Doris Duke

Triple Stumper
    $1000 15
Change of Habit

Triple Stumper
    $1000 10
(Alex: You knew that, Rick; you didn't ring in.)

Germaine Greer

Triple Stumper
    $1000 20
(Marcus: Who is Zelda?)

Helena

LisaMarcus
    $1000 25
Thailand

Marcus
    $1000 5
Goya

Marcus

Scores at the first commercial break (after clue 15):

Rick Lisa Marcus
$600 $2,000 $2,200

Scores at the end of the Jeopardy! Round:

Rick Lisa Marcus
$1,200 $4,400 $3,600

Double Jeopardy! Round responses

U.S. COUNTIES
HALL OF FAMERS
(Alex: We'll name the Hall of Famers for you, you give us the sport.)
FROM THE PAGE TO THE STAGE
"O" MAN!
EPONYMOUS INVENTIONS
ADDICTED TO ADJECTIVES
    $400 21
(Marcus: What is Maine?)

Texas

RickMarcus
    $400 16
baseball

Marcus
    $400 6
Little Women

Lisa
    $400 11
Jesse Owens

Lisa
    $400 1
the Richter scale

Lisa
    $400 26
medieval

Rick
    $800 22
the Atlantic & Pacific Oceans

Triple Stumper
    $800 17
golf

Marcus
    $800 7
(Alex: It was based on [*], his famous novel.)

Exodus

Triple Stumper
    $800 12
Offenbach

Rick
    $800 2
Zamboni

Lisa
    $800 27
(Marcus: What is barren?)
[Originally ruled incorrect; reversed before Final Jeopardy!]

sterile

LisaMarcus
    $1200 23
Michigan

Marcus
    $1200 18
basketball

Marcus
    $1200 8
(Alex: The line "J'accuse" associated with [*].)

Émile Zola

Triple Stumper
    $1200 13
(Alex: You knew them better as Dawn. [*].)

Tony Orlando

Triple Stumper
    $1200 3
Gore-Tex

Triple Stumper
    $1200 28
naughty

Rick
    $1,000 24
(Marcus: [Sighs] What is Sioux County?)
(Alex: No, what is--he was a chef--)
(Marcus: Oh, [*]!)
(Alex: [*]. Yes, indeed.)
(Marcus: Sorry, Chicago.)

Cook County

Marcus
    $1600 19
football

Marcus
    $1600 9
Carson McCullers

Rick
    $1600 14
(Ransom Eli) Olds

Marcus
    $1600 4
the theremin

Lisa
    $1600 29
thespian

Triple Stumper
    $2000 25
Westchester

Marcus
    $2000 20
(Alex: Hey, well done in that sports category involving Hall of Famers. You're in the lead now.)
[Applause]

tennis

Marcus
    $2,000 10
The Postman Always Rings Twice

Rick
    $2000 15
Ovid

Lisa
    $2000 5
Browning Automatic Rifle

Triple Stumper
    $2000 30
(Lisa: What is "Dickensonian"?)
...
(Alex: [*] is the adjective that comes from Charles Dickens's name, yes.)

Dickensian

LisaMarcus

Scores at the end of the Double Jeopardy! Round:

Rick Lisa Marcus
$7,600 $8,800 $15,800

[wagering suggestions for these scores]

Final Jeopardy! Round responses

CURRENT ROYALTY
(Alex: If you'd come up with the smallest place in Europe--one of the smallest--Monaco, [*], also the name of the king of Belgium.)
RickWhat is beatrx vii
$7,600
LisaWho is W Charles I
$5,199
MarcusWho is Juancarlos I
$1,801
Albert II

Final scores:

Rick Lisa Marcus
$0 $3,601 $13,999
3rd place: $1,000 2nd place: $2,000 New champion: $13,999

Game dynamics:

Coryat scores:

Rick Lisa Marcus
$7,600 $8,600 $16,800
10 R
(including 1 DD),
1 W
15 R
(including 1 DD),
2 W
19 R,
4 W
(including 1 DD)

Combined Coryat: $33,000

The J! Archive is created by fans, for fans. The Jeopardy! game show and all elements thereof, including but not limited to copyright and trademark thereto, are the property of Jeopardy Productions, Inc. and are protected under law. This website is not affiliated with, sponsored by, or operated by Jeopardy Productions, Inc. Join the discussion at JBoard.tv.